Великите загадки (Запис номер 32232)
[ съкратено ]
| 000 -Лидер | |
|---|---|
| Контролно поле с фиксирана дължина | 01920nam a2200421 c 4500 |
| 003 - Код на организацията, давaща контролен номер | |
| Контролно поле | BLK |
| 005 - Дата и час на последна редакция | |
| Контролно поле | 20241017120223.0 |
| 008 - Елементи от данни с фиксирана дължина | |
| fixed length control field | 180407b bul|||||r ||||||| ||bul|| |
| 010 ## - Наследен системен номер | |
| LC control number | KNG00034902000 |
| 020 ## - Международен стандартен номер на книга ISBN | |
| Международен стандартен номер на книга ISBN | 954-585-173-2 |
| -- | издат.: Бард |
| 040 ## - Източник на каталожния запис | |
| Идентификатор на билиотеката - собственик на записа | BLK |
| 041 ## - Код за език | |
| Код за езика на текст/звукозапис или на отделно заглавие | Български |
| Код за езика КДБФ | Български |
| 080 ## - УДК | |
| Текстов определител УДК | Разпространяване на научните знания - популяризиране на науката, занимателна наука, учение за явленията научно необяснени, заблуждения и фалшификации, илюзии и др. п., секретност на научните знания |
| УДК код - определител по УДК | 001.9 |
| УДК определител | (02.062) |
| УДК - код + определител | 001.9(02.062) |
| 100 1# - Редна дума - Автор | |
| Автор | Бренън, Хърби |
| Авторска отговорност | първи автор |
| R(LIN) | 272145 |
| 139 ## - Редно поле | |
| Редна дума | Бренън, Хърби |
| Авторски знак | Бре - Б 80 |
| 245 10 - Сведения за заглавието | |
| Заглавие | Великите загадки |
| Редно поле (дума) | Хърби Бренън; прев. Росица Панайотова. |
| 257 ## - Страна на издаване | |
| Страна на създаване/издаване | Съединени американски щати |
| 260 ## - Област на издателските данни | |
| -- | София |
| Име на издателя, разпространителя и проч. | Бард |
| Година на издаване | 2001 |
| 300 ## - Физическа характеристика | |
| Страници | 560 с. |
| Илюстрации и др. | с ил. |
| Размери/Мащаб | 21 см |
| 380 ## - Жанр | |
| Жанр | Общ отдел |
| 490 1# - СЕРИИ (Колекции) | |
| Име на серия | Поредица Загадки и мистерии |
| 500 ## - Общи забележки | |
| Забележка | Ориг. загл. The Atlantis Enigma ; Thr Secret History of Ancient Egypt ; Martian Genesis / Herbie Brennan. - Офс. изд. |
| 590 ## - Забележки на библиотеката, притежаваща документа (RLIN) | |
| Служебно | ф |
| 650 #4 - Допълнително описание по предмет – тема | |
| Основно описание – тема или топоним | Атлантида |
| 9 (RLIN) | 147823 |
| 650 #4 - Допълнително описание по предмет – тема | |
| Основно описание – тема или топоним | Извънземни цивилизации |
| 9 (RLIN) | 242018 |
| 650 #4 - Допълнително описание по предмет – тема | |
| Основно описание – тема или топоним | Древен Египет |
| 9 (RLIN) | 242280 |
| 653 ## - Ключова дума – ненормативна | |
| Ключова дума | Атлантида |
| 653 ## - Ключова дума – ненормативна | |
| Ключова дума | Древен Египет |
| 653 ## - Ключова дума – ненормативна | |
| Ключова дума | извънземни цивилизации |
| 653 ## - Ключова дума – ненормативна | |
| Ключова дума | хипотези |
| 700 ## - Други автори (авторска отговорност) | |
| Лично име | Панайотова, Росица Христова |
| Дати, свързани с автора | 1957- |
| 9 (RLIN) | 371242 |
| 852 ## - Местоположение | |
| Форматна сигнатура | Цб 207184 |
| 856 4# - Електронен адрес и достъп | |
| Електронен формат | pdf - файл |
| Път до файла /url/ | |
| 856 4# - Електронен адрес и достъп | |
| Електронен формат | pdf - файл |
| Път до файла /url/ | |
| 942 ## - АРТИКУЛИ | |
| Вид на библиотечния материал | Книги |
| Скрит в OPAC | Не |
| Koha issues (borrowed), all copies | 15 |
| 944 ## - СЪЗДАВАНЕ И РЕДАКЦИЯ на ЗАПИСА | |
| Създаване/Редакция | Създаване |
| Дата на регистрацията/редакция | 18.02.2003 |
| Статус, дата на статуса | Цветелина Шанова |
| Служител, извършил регистрацията/редакцията | 30531 |
| 944 ## - СЪЗДАВАНЕ И РЕДАКЦИЯ на ЗАПИСА | |
| Създаване/Редакция | Редакция |
| Дата на регистрацията/редакция | 16.04.2013 |
| Статус, дата на статуса | ф / |
| Служител, извършил регистрацията/редакцията | |
| 999 ## - СИСТЕМНИ КОНТРОЛНИ НОМЕРА | |
| Koha biblionumber | 32232 |
| Koha biblioitemnumber | 32232 |
| Код за отписване | Код за изгубен артикул | Източник на класификационната схема | Код за повреда | Коз за рестрикции | Код за отдаване | Артикулен № | Име на библиотеката - собственик | Име на библиотеката, в която се намира в момента | Статус (Текущо местоположение) | Дата на вписване в системата | Местоположение - отдел | Цена в лева | Инвентарен номер | Систематично азбучна сигнатура | Баркод | Номер на екземпляра | Цена в евро | Служебна бележка | Служебен тип на артикула |
|---|---|---|---|---|---|---|---|---|---|---|---|---|---|---|---|---|---|---|---|
| Изтеглен | Не е изгубен | Universal Decimal Classification | Не е повреден | без рестрикции | заемане за дома | 51452 | Регионална библиотека "Любен Каравелов" Русе | Регионална библиотека "Любен Каравелов" Русе | Заемна - подръчен фонд | 2001-01-01 | Заемна - подръчен фонд | 12.00 | 661684 | П 001.9/Б 80 | 120000661684 | 1 | 6.14 | Дост: Pk Вид: Ф N: стар фонд Дата: 01.01.2001 Дата инв: 01.02.2018 Бележки инв: П2018 | Книги |
| Изтеглен | Не е изгубен | Universal Decimal Classification | Не е повреден | без рестрикции | заемане за дома | 51453 | Регионална библиотека "Любен Каравелов" Русе | Регионална библиотека "Любен Каравелов" Русе | Заемна - подръчен фонд | 2008-10-03 | Заемна - подръчен фонд | 12.00 | 120000730202 | П 001.9/Б 80 | 120000730202 | 2 | 6.14 | Дост: Pk Вид: Ф N: 8544 Дата: 03.10.2008 Дата инв: 05.11.2014 Бележки инв: П2014 | Книги |
| Не е изгубен | Не е повреден | без рестрикции | заемане за дома | 51454 | Регионална библиотека "Любен Каравелов" Русе | Регионална библиотека "Любен Каравелов" Русе | Заемна - подръчен фонд | 2013-04-05 | Заемна - подръчен фонд | 12.00 | 120000765527 | П 001.9/Б 80 | 120000765527 | 3 | 6.14 | Дост: DA Вид: А N: 4 Дата: 05.04.2013 Дата инв: 01.02.2018 Бележки инв: П2018 | Книги |